अशोक बनाम वाजपेयी, अशोक वाजपेयी / (Record no. 118035)

MARC details
000 -LEADER
fixed length control field 01151nam a22002537a 4500
005 - DATE AND TIME OF LATEST TRANSACTION
control field 20170124103105.0
010 ## - LIBRARY OF CONGRESS CONTROL NUMBER
LC control number B-137972
020 ## - INTERNATIONAL STANDARD BOOK NUMBER
Terms of availability 95.00
International Standard Book Number 8181432622
035 ## - SYSTEM CONTROL NUMBER
System control number B-137972
037 ## - SOURCE OF ACQUISITION
Source of stock number/acquisition Cen Lib/Ret
040 ## - CATALOGING SOURCE
Original cataloging agency DPL
Language of cataloging HN
082 ## - DEWEY DECIMAL CLASSIFICATION NUMBER
Classification number 821.08
Item number धर्मवी
100 ## - MAIN ENTRY--PERSONAL NAME
Personal name धर्मवीर
9 (RLIN) 78051
245 ## - TITLE STATEMENT
Title अशोक बनाम वाजपेयी, अशोक वाजपेयी /
Statement of responsibility, etc धर्मवीर
246 ## - VARYING FORM OF TITLE
Title proper/short title Aśoka banāma Vājapeyī, Aśoka Vājapeyī /
Remainder of title by Dharamveer
260 ## - PUBLICATION, DISTRIBUTION, ETC. (IMPRINT)
Place of publication, distribution, etc नयी दिल्ली
Name of publisher, distributor, etc वाणी प्रकाशन
Date of publication, distribution, etc 2004
270 ## - ADDRESS
Address 21-ए दरियागंज
City नयी दिल्ली
Postal code 110002
300 ## - PHYSICAL DESCRIPTION
Extent 65पृ.
Dimensions 21सेमी (सजिल्द)
650 ## - SUBJECT ADDED ENTRY--TOPICAL TERM
Topical term or geographic name as entry element वाजपेयी, अशोक, --1941 --आलोचना और व्याख्या
9 (RLIN) 78052
650 ## - SUBJECT ADDED ENTRY--TOPICAL TERM
Topical term or geographic name as entry element वाजपेयी, अशोक, --1941
9 (RLIN) 78053
650 ## - SUBJECT ADDED ENTRY--TOPICAL TERM
Topical term or geographic name as entry element Vājapeyī, Aśoka, -- 1941- -- Criticism and interpretation.
9 (RLIN) 78054
650 ## - SUBJECT ADDED ENTRY--TOPICAL TERM
Topical term or geographic name as entry element Vājapeyī, Aśoka, -- 1941
9 (RLIN) 78055
942 ## - ADDED ENTRY ELEMENTS (KOHA)
Source of classification or shelving scheme Dewey Decimal Classification
Koha item type Hindi Books
Classification part 821.08
Call number suffix धर्मवी
Holdings
Withdrawn status Lost status Damaged status Not for loan Home library Current library Date acquired Source of acquisition Cost, normal purchase price Total Checkouts Full call number Barcode Date last seen Copy number Cost, replacement price Price effective from Koha item type
        Central Library Central Library 09/09/2015 Cen Lib/Ret 95.00   821.08 धर्मवी B-137972 09/09/2015 1 95.00 09/09/2015 Hindi Books

© Delhi Public Library
Hit Counter
free hit counter